Amos, Hosea, Micah : an archaeological commentary /

Bibliographic Details
Main Author: King, Philip J.
Format: Book
Language:English
Published: Philadelphia : Westminster Press, [1988]
Edition:1st ed.
Subjects:

MARC

Tag First Indicator Second Indicator Subfields
LEADER 00000cam a2200000 a 4500
001 in00000032179
005 20151007060421.0
008 871020s1988 paua b 00110 eng
010 |a  87029539  
020 |a 0664218768 
020 |a 0664240771 (pbk.) 
035 |a (OCoLC)16951337 
035 |9 AAC0800AM 
040 |a DLC  |c DLC  |d TXA  |d UtOrBLW 
049 |a TXAM  |c [A11680488] 
050 0 0 |a BS1560  |b .K56 1988 
082 0 |a 224/.906  |2 19 
100 1 |a King, Philip J. 
245 1 0 |a Amos, Hosea, Micah :  |b an archaeological commentary /  |c Philip J. King. 
250 |a 1st ed. 
264 1 |a Philadelphia :  |b Westminster Press,  |c [1988] 
264 4 |c ©1988 
300 |a 176 pages :  |b illustrations ;  |c 24 cm. 
336 |a text  |b txt  |2 rdacontent 
337 |a unmediated  |b n  |2 rdamedia 
338 |a volume  |b nc  |2 rdacarrier 
504 |a Bibliography: pages 169-171. 
500 |a Includes indexes. 
630 0 0 |a Bible.  |p Amos  |x Criticism, interpretation, etc. 
630 0 0 |a Bible.  |p Hosea  |x Criticism, interpretation, etc. 
630 0 0 |a Bible.  |p Micah  |x Criticism, interpretation, etc. 
630 0 0 |a Bible.  |p Amos  |x Antiquities. 
630 0 0 |a Bible.  |p Hosea  |x Antiquities. 
630 0 0 |a Bible.  |p Micah  |x Antiquities. 
999 |a MARS 
999 f f |s 35e09d41-019f-3fce-b1e1-1fb455efa070  |i d0b0f32c-3243-334e-bc29-5d90eec81adf  |t 0 
952 f f |p ric  |a Texas A&M University  |b Rellis Campus  |c Joint Library Facility  |d Remote Storage  |t 0  |e BS1560 .K56 1988  |h Library of Congress classification  |i unmediated -- volume  |m A14811680488 
998 f f |a BS1560 .K56 1988  |t 0  |l Remote Storage